000 01070nam a22003137a 4500
001 724
005 20231102132828.0
020 _a0590414305 :
020 _a9780590414319
040 _aDLC
_cDLC
_dDLC
_beng
050 0 0 _aQL122.2
_b.C65 1992
082 0 0 _a591.92
_220
100 1 _aCole, Joanna.
245 1 4 _aThe magic school bus on the ocean floor /
_cby Joanna Cole ; illustrated by Bruce Degen.
260 _aNew York :
_bScholastic,
_c1992.
300 _a48 pages :
_bcolor illusrtrations ;
_c22 x 26 cm.
490 _aThe magic school bus
505 _aR
520 _aOn another special field trip on the magic school bus, Ms. Frizzle's class learns about the ocean and the different creatures that live there.
521 _a690
_bLexile
521 _aR
_bRaz-Plus
650 0 _aMarine animals
_xJuvenile literature.
650 0 _aOcean bottom
_xJuvenile literature.
650 1 _aOcean.
650 1 _aMarine animals.
700 1 _aDegen, Bruce,
_eillustrator.
906 _a7
_bcbc
_corignew
_d1
_eocip
_f19
_gy-gencatlg
942 _2ddc
_cBK
_n0
999 _c724
_d724